| 000 | 01220nam a2200241 i 4500 | ||
|---|---|---|---|
| 001 | 167472 | ||
| 003 | ES-MaACL | ||
| 005 | 20250715004224.0 | ||
| 008 | 991027s1884 sp |||| | spa d | ||
| 080 | _a821.134.2 Cervantes Saavedra, Miguel de 7 Quijote.07 | ||
| 080 | _a821.133.1 Fenelon, François de Salignac de La Mothe 7 Aventures de Télémaque.07 | ||
| 100 | 1 |
_aVidart, Luis, _d1833-1897 _eaut _9114538 |
|
| 245 | 1 | 3 |
_aEl Quijote y el Telémaco : _bapuntes críticos / _cpor Luis Vidart. |
| 260 |
_aMadrid : _b[s.n.], _c1884 _f(Est. Tip. de los Sucesores de Rivadeneyra) |
||
| 300 |
_a22 páginas ; _c20 cm. |
||
| 530 | _aDisponible en formato digital | ||
| 600 | 1 | 4 |
_aCervantes Saavedra, Miguel de, _d1547-1616. _tDon Quijote de la Mancha- _xCrítica e interpretación _937618 |
| 600 | 1 | 4 |
_aFénelon, François de Salignac de La Mothe, _d1651-1715 _949246 |
| 852 |
_aES-MaACL _cDEPOF _gDedicatoria autógrafa del autor _hDonativo de Luis Vidart _jT-366-F-6 _xEnc. en un vol. facticio _xHolandesa, falto de enc. original |
||
| 856 |
_uhttp://bdh-rd.bne.es/viewer.vm?id=0000084251&page=1 _yVersión en línea _z(Biblioteca Digital Hispánica) |
||
| 942 |
_2udc _cFOLLETOS _n0 |
||
| 999 |
_c167472 _d167472 |
||